Týmová práce: nástroj pro změnu podnikové kultury
Význam tímovej práce pre podnikovú kultúru. Skúsenosti podniku Palaba, a.s. Slaný (predtým Bateria Slaný, a.s.): transformačná stratégia podniku, dôraz na využitie ľudského potenciálu, plochá organizačná štruktúra, podnikové zásady tímovej práce.
Salvato in:
| Autore principale: | |
|---|---|
| Natura: | Capitolo di libro |
| Lingua: | ceco |
| Soggetti: | |
| Tags: |
Nessun Tag, puoi essere il primo ad aggiungerne!!
|
MARC
| LEADER | 00000naa a2200000 4500 | ||
|---|---|---|---|
| 001 | r018524 | ||
| 005 | 20221208131055.0 | ||
| 041 | 0 | |a cze | |
| 044 | |a CZ | ||
| 245 | 1 | 0 | |a Týmová práce: nástroj pro změnu podnikové kultury |c I. Mohyla |
| 520 | |a Význam tímovej práce pre podnikovú kultúru. Skúsenosti podniku Palaba, a.s. Slaný (predtým Bateria Slaný, a.s.): transformačná stratégia podniku, dôraz na využitie ľudského potenciálu, plochá organizačná štruktúra, podnikové zásady tímovej práce. | ||
| 610 | 2 | 0 | |a práca tímová |
| 610 | 2 | 0 | |a manažment personálny |
| 610 | 2 | 0 | |a kultúra podniková |
| 610 | 2 | 0 | |a štúdie prípadové |
| 610 | 2 | 0 | |a Česko |
| 610 | 2 | 0 | |a Palaba, a.s. Slaný |
| 610 | 2 | 0 | |a zdroje ľudské |
| 610 | 2 | 0 | |a stratégia podniková |
| 610 | 2 | 0 | |a štruktúra podniku organizačná |
| 100 | 1 | |a Mohyla, I. | |